| 000 | 01603nam0a2200373 4500 | ||
|---|---|---|---|
| 001 | RU\NLR\bibl\1519922 | ||
| 005 | 20250616030303.0 | ||
| 010 |
_a978-5-17-064662-3 _bАСТ |
||
| 010 |
_a978-5-271-26559-4 _bАстрель |
||
| 010 |
_a978-5-226-01792-6 _bВКТ _93000 |
||
| 021 |
_aRU _b2010-33325 _92230 |
||
| 035 | _a(nilc)RSL-KNO-004640531 | ||
| 035 | _a(NLR Aleph) 001511289 | ||
| 090 |
_a82163 _c82163 |
||
| 100 | _a20100511d2010 |||y0rusy50 ca | ||
| 101 | 1 |
_arus _ceng |
|
| 102 | _aRU | ||
| 105 | _aa zzzz||||| | ||
| 200 | 1 |
_aВеликолепные ягодицы и бедра _eпроверенные методы укрепления мышц "проблемных зон" _fТом Сибурн _g[пер. с англ. Л. И. Заремской] |
|
| 210 |
_aМосква _cАСТ _cАстрель _aВладимир _cВКТ _d2010 (печ. 2009) |
||
| 215 |
_a138, [1] с. _cил. _d20 |
||
| 300 | _aНа обл. авт. не указан | ||
| 606 | 1 |
_aГимнастика для женщин _91419294 _3RU\NLR\auth\66287410 |
|
| 610 | 0 | _aЗдравоохранение. Медицинские науки -- Общая терапия -- Физиотерапия и курортология -- Лечебная физическая культура -- Лечебная гимнастика | |
| 686 |
_aР354.111,0 _2rubbk |
||
| 686 | _aЧ516.51 | ||
| 700 | 1 |
_aСибурн _bТ. _gТом _4070 |
|
| 801 | 0 |
_aRU _bРГБ _c20100511 _grcr |
|
| 801 | 1 |
_aRU _bРГБ _c20100511 |
|
| 801 | 2 |
_aRU _bNLR _c20100604 _grcr |
|
| 942 | _cBOOK | ||
| 980 | _aNB | ||